Normal view
MARC view
- Mechanical Operations
Entry Topical Term
001 - CONTROL NUMBER
- control field: 112440
003 - CONTROL NUMBER IDENTIFIER
- control field: NUST
005 - DATE AND TIME OF LATEST TRANSACTION
- control field: 20230518113311.0
008 - FIXED-LENGTH DATA ELEMENTS
- fixed length control field: 230518|| aca||aabn | a|a d
040 ## - CATALOGING SOURCE
- Original cataloging agency: NUST
- Transcribing agency: NUST
150 ## - HEADING--TOPICAL TERM
- Topical term or geographic name entry element: Mechanical Operations
670 ## - SOURCE DATA FOUND
- Source citation: Work cat.: (NUST): Swain, Anup Kumar 112438, Mechanical Operations, 2014.
